Propuesta de un Manual de Organización y Funciones MOF en la empresa Samuel Mansell del municipio de San Isidro, departamento de Matagalpa
El presente trabajo contiene un Manual de Organización y Funciones del trillo Samuel Mansell S.A con el objetivo de desligar funciones de sobrecarga laboral y duplicidades, aportando al buen clima laboral de dicha empresa. La necesidad de crear este manual nace debido a que en la empresa no existe...
| Main Authors: | , , |
|---|---|
| Other Authors: | |
| Format: | Tesis Section = Libro |
| Language: | Undetermined Spanish |
| Published: |
Managua
UNI
2019
|
| Subjects: |
| LEADER | 01518nam a2200277Ia 4500 | ||
|---|---|---|---|
| 008 | 240830s9999 xx 000 0 und d | ||
| 040 | |a BIBLIOTECA-RUPAP Mon 658.402 G216 | ||
| 041 | |a spa | ||
| 082 | |a Mon 658.402 G216 | ||
| 100 | 1 | |a García Treminio, Joseling Paola | |
| 100 | 1 | |b Castillo Rodríguez, Iriana Jesedel | |
| 100 | 1 | |c Rivas Aguirrez, Tania Mayela | |
| 245 | 1 | 0 | |a Propuesta de un Manual de Organización y Funciones MOF en la empresa Samuel Mansell del municipio de San Isidro, departamento de Matagalpa |
| 260 | |a Managua |b UNI |c 2019 | ||
| 300 | |a 203 p. :il. | ||
| 500 | |a Contiene: anexos y CD. | ||
| 502 | |a Tesis (Ingeniero Industrial)- UNI, 2019. | ||
| 520 | 3 | |a El presente trabajo contiene un Manual de Organización y Funciones del trillo Samuel Mansell S.A con el objetivo de desligar funciones de sobrecarga laboral y duplicidades, aportando al buen clima laboral de dicha empresa. La necesidad de crear este manual nace debido a que en la empresa no existe ningún documento donde se especifique las funciones que deben realizarse en cada puesto de trabajo, ni donde se muestren definidos los niveles jerárquicos, ocasionando interrupciones en el proceso de selección de personal y la coordinación entre las áreas | |
| 650 | 7 | |a ORGANIZACION-MANUALES | |
| 650 | 7 | |b MANUALES ADMINISTRATIVOS | |
| 650 | 7 | |c DESCRIPCION DEL TRABAJO | |
| 650 | 7 | |d ADMINISTRACION DE EMPRESAS | |
| 700 | 1 | |a Tutor: |b Valdivia García, Claudia Tatiana | |
| 942 | |c BK |2 ddc | ||
| 991 | |a TESIS | ||
| 999 | |c 17265 | ||